|
|
|
|
| LEADER |
00000nab a2200000 a 4500 |
| 001 |
vtls008983058 |
| 003 |
SK-MaSNL |
| 005 |
20260303065317.0 |
| 008 |
050719 1976 xo 000 0 hun |
| 015 |
|
|
|a SNBRB1977
|
| 040 |
|
|
|a SNKBUCL
|b slo
|c SNKBUCL
|e AACR2
|
| 041 |
0 |
|
|a slo
|
| 044 |
|
|
|a xo
|c SK
|
| 080 |
|
|
|a 53-051
|2 2001
|
| 080 |
|
|
|a 54-051
|2 2001
|
| 080 |
|
|
|a 929 Tölgyessy, Juraj
|2 2001
|
| 245 |
0 |
0 |
|a A tudomány szolgálatában.
|b [profil profesora jadrovej fyziky a chémie Juraja Tölgyessyho]
|c [autor] -lacza-
|
| 300 |
|
|
|b Obr.
|
| 600 |
1 |
7 |
|a Tölgyessy, Juraj,
|d 1931-2014
|2 snkbucl
|9 212932
|
| 773 |
0 |
|
|t Hét
|g Roč. 21, č. 37 (1976), s. 27
|
| 999 |
|
|
|c 1750740
|d 1752670
|